ბათუმის შოთა რუსთაველის სახელმწიფო უნივერსიტეტის ბიბლიოთეკა

In company pre-intermediate. (ბიბ.ჩანაწერი № 43835)

000 -LEADER
fixed length control field 00510nam a2200229Ia 4500
001 - CONTROL NUMBER
control field 10583
003 - CONTROL NUMBER IDENTIFIER
control field GE_BSU
008 - FIXED-LENGTH DATA ELEMENTS--GENERAL INFORMATION
fixed length control field 181216s||||||||xx |||||||||||||| ||und||
020 ## - INTERNATIONAL STANDARD BOOK NUMBER
International Standard Book Number 0333957261
040 ## - CATALOGING SOURCE
Transcribing agency GE_BSU
080 ## - UNIVERSAL DECIMAL CLASSIFICATION NUMBER
Universal Decimal Classification number 338.22+811.111
100 ## - MAIN ENTRY--PERSONAL NAME
Personal name Clarke,Simon
245 ## - TITLE STATEMENT
Title In company pre-intermediate.
260 ## - PUBLICATION, DISTRIBUTION, ETC.
Place of publication, distribution, etc. Oxford.
260 ## - PUBLICATION, DISTRIBUTION, ETC.
Name of publisher, distributor, etc. Macmillan.
260 ## - PUBLICATION, DISTRIBUTION, ETC.
Date of publication, distribution, etc. 2003.
300 ## - PHYSICAL DESCRIPTION
Extent 144p;30cm.
300 ## - PHYSICAL DESCRIPTION
Accompanying material illus.
653 ## - INDEX TERM--UNCONTROLLED
Uncontrolled term In company pre-intermediate.
942 ## - ADDED ENTRY ELEMENTS (KOHA)
Koha item type წიგნი
ეგზემპლარები
Withdrawn status Lost status Damaged status Not for loan Date acquired Barcode Date last seen Price effective from Koha item type
        2018-12-17 12317 2018-12-17 2018-12-17 წიგნი